Visualizzazione normale
Vista MARC
- Gironi Primo
di Personal Name
Records bibliografici associati: 1
001 - CONTROL NUMBER
- control field: 51188
003 - CONTROL NUMBER IDENTIFIER
- control field: IT-RoPau
005 - DATE AND TIME OF LATEST TRANSACTION
- control field: 20151202160412.0
008 - FIXED-LENGTH DATA ELEMENTS
- fixed length control field: 151202|| aca||aabn | a|a d
040 ## - CATALOGING SOURCE
- Original cataloging agency: IT-RoPau
- Transcribing agency: IT-RoPau
100 ## - HEADING--PERSONAL NAME
- Personal name: Gironi Primo
- Relator term: (soggetto)
- Miscellaneous information: Codice Soggetto 2° SPICS: 34827
670 ## - SOURCE DATA FOUND
- Source citation: Work cat.: (IT-RoPau)107246: Di Diodato Roberto Codice regista SPICS: 55765 51184, GIUDAISMO AL TEMPO DI GESU' (IL) GIUDAISMO AL TEMPO DI GESU' (IL) (Rif. Codice opera principale : H4688)